Popularne numery rap/trap tygodnia 30.07-05.08.21 Spotify. - Statystyki

Ogólne statystyki
  • Ten quiz został rozwiązany 12 razy
  • Średni wynik to 20 z 30
Statystyki odpowiedzi
Wykonawca Odsłuchania Utwór % Poprawnych
OIO 644K Amerykańskie Teledyski
100%
Sobel 786K Bandyta
91%
Kizo 1.45M Disney
91%
Mata, White 2115 1.44M La La La (Oh Oh)
91%
Kizo, Wac Toja 775K Nasze Lato
91%
Mata 635K Patoreakcja
91%
Ekipa, Jacuś 638K Zygzak
91%
Mata 1.95M Kiss cam (podryw roku)
82%
Wiatr, Sobel, Be Vis 439K Testarossa
82%
OIO 573K Worki W Tłum
82%
White 2115 411K California
73%
Guzior, Oskar83 445K FALA
73%
Sobel 835K Fiołkowe Pole
73%
Sobel 425K Impreza
73%
OIO 572K Przypadkiem
73%
Mata 418K Schodki
73%
Guzior 498K BLUEBERRY
64%
Sobel 443K Kinol
64%
Kizo 1.00M Król balu
64%
Zdechły Osa 707K Patolove
64%
Kizo, Trill Pem 410K Fitness
55%
White 2115, Mata 404K Oh Oh (Lalala)
55%
Żabson, Kizo, ZetHa 1.01M Puerto Bounce
55%
Chivas, White 2115 545K Mam Na Twarzy Krew I Tym Razem Nie Jest Sztuczna
45%
chillwagon 395K puff puff
45%
Białas, White 2115 442K Święto Ogródka
45%
White 2115 524K Booker (baw się)
36%
Malik Montana 549K Głosy w Głowie
36%
White 2115, Solar, Lanek, Jan-Rapowanie 434K Znowu Wieje Wiatr
36%
Tymek, Brodka, Urbanski 472K Ostatni
9%
Nie znaleziono quizów pasujących do podanych kryteriów
Rozkład punktacji
Procent ludzi z każdym wynikiem
Percentyl według liczby udzielonych odpowiedzi
Twoja historia wyników
Nie rozwiązałeś tego quizu